00692nam a2200181 a 450000100100000000500170001000800410002704000250006808200160009311001120010924500460022125000110026726000370027830000210031550000430033695201140037999900170049300003490420200930073957.0110329s1979 dr r 000 | spa d aDO-SdBNPbspacBNPHU axxxxbR426m1 aRepública Dominicana.bSecretariado Técnico de la Presidencia.bOficina Nacional de Presupuesto.93226610aManual de clasificaciones presupuestaria. a5a ed. aSanto Domingo :bONAPRES,c1979. a168 p. ;c21 cm. aIncluye notas al pie de las páginas. 0010718PDaPDbPDcCTd2011-10-21iLF1l0oxxxx R426mp34904-10r2020-06-25w2020-06-25yLFPDZNo se presta c34395d34395